000 00744nam a2200253 i 4500
001 172696
003 ES-MaACL
005 20250710062736.0
007 t|
008 090826s1986 fr ||||1| fre d
020 _a2-13-039328-4
080 _a9(=924:46-82)
080 _a9(=605)
100 1 _aMalka, Victor.
_9141185
245 1 4 _aLes juifs sépharades /
_cVictor Malka.
250 _a1re éd.
260 _aParis :
_bPresses Universitaires de France,
_c1986.
300 _a127 p. ;
_c18 cm.
490 1 _aQue sais-je ? ;
_v2276
650 0 4 _aSefardíes-
_xHistoria.
_917014
830 0 0 _aQue sais-je?
_v2276
_9180931
852 4 _aES-MaACL
_jE-12981
_9R.139180
_z. - Biblioteca Jacinto Martínez Lacalle
999 _c172696
_d172696